[Event "GER-chT Federal Cup (Women)"]
[Site "Braunfels"]
[Date "2018.06.02"]
[Round "4.5"]
[White "Meyer, Bettina"]
[Black "Basovskiy, Jana"]
[Result "1-0"]
[WhiteElo "1978"]
[BlackElo "1828"]
[PlyCount "63"]
[EventDate "2018.05.31"]
[EventType "team-swiss"]
[EventRounds "5"]
[EventCountry "GER"]
[SourceTitle "EXT 2020"]
[Source "ChessBase"]
[SourceDate "2019.10.17"]
[SourceVersion "1"]
[SourceVersionDate "2019.10.17"]
[SourceQuality "1"]
[WhiteTeam "Hamburg (W)"]
[BlackTeam "Baden (W)"]
[WhiteTeamCountry "GER"]
[BlackTeamCountry "GER"]

1. d4 Nf6 2. c4 e6 3. Nc3 Bb4 4. e3 b6 5. Nf3 Bb7 6. a3 Bxc3+ 7. bxc3 0-0 8. Bd3 d6 9. 0-0 Nbd7 10. Re1 Ne4 11. Qc2 f5 12. Re2 Qf6 13. Ne1 Qg6 14. f3 Ng5 15. Kh1 Nf6 16. d5 Bc8 17. g4 Ne8 18. Rg2 Qf6 19. f4 Nf7 20. Nf3 Bb7 21. Qb3 fxg4 22. Rxg4 e5 23. Qc2 h6 24. Rg6 Qe7 25. Re6 Qd7 26. Bf5 Qd8 27. Qg2 Nh8 28. e4 Nf6 29. fxe5 dxe5 30. Bxh6 Rf7 31. Nxe5 Re7 32. Rxf6 1-0

[Event "BL2 West 1718 (Women)"]
[Site "Germany"]
[Date "2018.01.27"]
[Round "4.4"]
[White "Meyer, Bettina"]
[Black "Veldhuis, Karina"]
[Result "1-0"]
[WhiteElo "1941"]
[BlackElo "1846"]
[PlyCount "119"]
[EventDate "2017.10.14"]
[EventType "team-tourn"]
[EventRounds "7"]
[EventCountry "GER"]
[SourceTitle "EXT 2019"]
[Source "ChessBase"]
[SourceDate "2018.10.10"]
[SourceVersion "1"]
[SourceVersionDate "2018.10.10"]
[SourceQuality "1"]
[WhiteTeam "Hamburger SK (W) II"]
[BlackTeam "Steinfurt (W)"]
[WhiteTeamCountry "GER"]
[BlackTeamCountry "GER"]

1. d4 d5 2. c4 e6 3. Nc3 Nf6 4. cxd5 exd5 5. Bg5 Nbd7 6. e3 c6 7. Bd3 Bd6 8. Nge2 h6 9. Bh4 0-0 10. f3 Qb6 11. Qd2 Re8 12. Rc1 Qa5 13. 0-0 c5 14. Bb1 cxd4 15. Nxd4 Be5 16. Bf2 Nb6 17. b3 Bd7 18. Qd3 Rac8 19. Rfd1 Be6 20. Be1 Qa3 21. Bh4 Nbd7 22. Ndb5 Qb4 23. Be1 Qc5 24. Kh1 a6 25. Nd4 Qd6 26. f4 Bxd4 27. Qxd4 Bg4 28. Rd2 Qe6 29. Bf2 Bf5 30. Bxf5 Qxf5 31. Rcd1 Qh5 32. Nxd5 Ng4 33. Bg3 Ndf6 34. Nxf6+ Nxf6 35. Kg1 Qb5 36. Qd3 Qc5 37. Qd4 Qb5 38. Bf2 Ne4 39. Rb2 Nc3 40. Re1 Red8 41. a4 Qf5 42. Qb4 Nd1 43. Rd2 Nxf2 44. Rxf2 Qd3 45. h3 b5 46. Rf3 bxa4 47. Qxa4 Qd2 48. Ref1 Rc2 49. Rg3 Qe2 50. Qa1 g6 51. Kh2 Rdd2 52. Rg1 Rb2 53. Qa4 Qd3 54. Qe8+ Kg7 55. Qe5+ Kg8 56. Rc1 Rbc2 57. Rxc2 Rxc2 58. f5 Rf2 59. fxg6 fxg6 60. e4 1-0

[Event "BL 1617 (Women)"]
[Site "Germany"]
[Date "2017.05.01"]
[Round "11.6"]
[White "Meyer, Bettina"]
[Black "Dietrich, Mareike"]
[Result "1-0"]
[WhiteElo "1987"]
[BlackElo "1712"]
[PlyCount "71"]
[EventDate "2016.10.22"]
[EventType "team-tourn"]
[EventRounds "11"]
[EventCountry "GER"]
[SourceTitle "EXT 2018"]
[Source "ChessBase"]
[SourceDate "2017.10.13"]
[SourceVersion "1"]
[SourceVersionDate "2017.10.13"]
[SourceQuality "1"]
[WhiteTeam "Hamburger SK (W)"]
[BlackTeam "Erfurt Medizin (W)"]
[WhiteTeamCountry "GER"]
[BlackTeamCountry "GER"]

1. d4 Nf6 2. c4 g6 3. Nc3 Bg7 4. e4 d6 5. Nf3 0-0 6. Be2 e5 7. Be3 Ng4 8. Bg5 f6 9. Bh4 g5 10. Bg3 Nh6 11. h3 Nc6 12. d5 Ne7 13. Nd2 f5 14. f3 Nf7 15. Qc2 Bd7 16. Bf2 c5 17. h4 g4 18. h5 a6 19. Bh4 Qe8 20. Bxe7 Qxe7 21. exf5 g3 22. Bd3 Ng5 23. Ne2 Nf7 24. Rh3 Nh6 25. Nxg3 Qf7 26. 0-0-0 Nxf5 27. Nxf5 Bxf5 28. Bxf5 Qxf5 29. Ne4 Bh6+ 30. Kb1 Rad8 31. Rg1 Be3 32. g4 Qf7 33. Rg2 b5 34. Qe2 Qf4 35. g5 bxc4 36. Rg4 1-0

[Event "BL2 Ost 1516 (Women)"]
[Site "Germany"]
[Date "2016.02.28"]
[Round "7.1"]
[White "Meyer, Bettina"]
[Black "Cyfka, Karina"]
[Result "0-1"]
[WhiteElo "1983"]
[BlackElo "2395"]
[PlyCount "56"]
[EventDate "2015.09.26"]
[EventType "team-tourn"]
[EventRounds "7"]
[EventCountry "GER"]
[SourceTitle "EXT 2017"]
[Source "ChessBase"]
[SourceDate "2016.10.25"]
[SourceVersion "1"]
[SourceVersionDate "2016.10.25"]
[SourceQuality "1"]
[WhiteTeam "Hamburger SK (W) II"]
[BlackTeam "Leipzig Allianz (W)"]
[WhiteTeamCountry "GER"]
[BlackTeamCountry "GER"]

1. d4 d6 2. Nf3 Nf6 3. c4 Nbd7 4. Nc3 e5 5. Bg5 Be7 6. e3 0-0 7. Be2 c6 8. 0-0 Re8 9. Qc2 Qc7 10. Rfd1 Nf8 11. c5 exd4 12. cxd6 Bxd6 13. Rxd4 Ng4 14. g3 Ne5 15. Rad1 Nxf3+ 16. Bxf3 Ne6 17. Rxd6 Nxg5 18. Be2 Qe7 19. Qa4 Bf5 20. R6d4 a5 21. a3 b5 22. Qb3 Rab8 23. Nb1 c5 24. Rh4 c4 25. Qc3 Qb7 26. g4 Nf3+ 27. Bxf3 Qxf3 28. Qd4 Be4 0-1

[Event "BL2 Ost 1516 (Women)"]
[Site "Germany"]
[Date "2016.02.27"]
[Round "6.1"]
[White "Ulms, Sandra"]
[Black "Meyer, Bettina"]
[Result "0-1"]
[WhiteElo "2172"]
[BlackElo "1983"]
[PlyCount "74"]
[EventDate "2015.09.26"]
[EventType "team-tourn"]
[EventRounds "7"]
[EventCountry "GER"]
[SourceTitle "EXT 2017"]
[Source "ChessBase"]
[SourceDate "2016.10.25"]
[SourceVersion "1"]
[SourceVersionDate "2016.10.25"]
[SourceQuality "1"]
[WhiteTeam "Leipzig SG (W)"]
[BlackTeam "Hamburger SK (W) II"]
[WhiteTeamCountry "GER"]
[BlackTeamCountry "GER"]

1. d4 Nf6 2. c4 c5 3. d5 b5 4. cxb5 a6 5. b6 g6 6. Nc3 Bg7 7. Nf3 d6 8. e4 Nbd7 9. Be2 0-0 10. h3 Nxb6 11. 0-0 Bb7 12. Bf4 Nfd7 13. Qd2 Rb8 14. Rfe1 Qc8 15. Bf1 Rd8 16. Rad1 Ba8 17. Qe2 c4 18. e5 Nc5 19. Qc2 Qb7 20. Nd2 Nd3 21. Bxd3 cxd3 22. Qxd3 Nxd5 23. Nxd5 dxe5 24. Nc4 Rxd5 25. Qxd5 Qxd5 26. Rxd5 Bxd5 27. Nxe5 Rxb2 28. Nd3 Rxa2 29. Rxe7 Bf6 30. Ra7 a5 31. Bd6 g5 32. h4 Ra1+ 33. Kh2 g4 34. Nf4 Be4 35. Kg3 Rh1 36. f3 Bxh4+ 37. Kxg4 f5+ 0-1

[Event "BL2 Ost 1516 (Women)"]
[Site "Germany"]
[Date "2015.12.05"]
[Round "3.1"]
[White "Meyer, Bettina"]
[Black "Von Herman, Brigitte"]
[Result "1/2-1/2"]
[WhiteElo "1983"]
[BlackElo "2073"]
[PlyCount "60"]
[EventDate "2015.09.26"]
[EventType "team-tourn"]
[EventRounds "7"]
[EventCountry "GER"]
[SourceTitle "EXT 2017"]
[Source "ChessBase"]
[SourceDate "2016.10.25"]
[SourceVersion "1"]
[SourceVersionDate "2016.10.25"]
[SourceQuality "1"]
[WhiteTeam "Hamburger SK (W) II"]
[BlackTeam "Potsdam (W)"]
[WhiteTeamCountry "GER"]
[BlackTeamCountry "GER"]

1. d4 Nf6 2. c4 e6 3. Nc3 Bb4 4. Qc2 Nc6 5. Nf3 d6 6. Bd2 0-0 7. a3 Bxc3 8. Bxc3 Qe7 9. e4 e5 10. d5 Nb8 11. Be2 Nh5 12. Nxe5 Nf6 13. Nf3 Nxe4 14. 0-0 Nxc3 15. Qxc3 Bg4 16. Rfe1 Nd7 17. Nd4 Bxe2 18. Rxe2 Qf6 19. Rae1 Rfd8 20. Qd2 a6 21. Re4 Ne5 22. Qe2 h6 23. b3 Rac8 24. Qh5 Nd3 25. Rf1 Re8 26. Qe2 Rxe4 27. Qxe4 Nc5 28. Qe3 Qe5 29. Qxe5 dxe5 30. Nf5 Kf8 1/2-1/2

[Event "BL 1415 (Women)"]
[Site "Germany"]
[Date "2015.04.19"]
[Round "11.6"]
[White "Just, Anita"]
[Black "Meyer, Bettina"]
[Result "1-0"]
[WhiteElo "1999"]
[BlackElo "2001"]
[PlyCount "127"]
[EventDate "2014.09.27"]
[EventType "team-tourn"]
[EventRounds "11"]
[EventCountry "GER"]
[SourceTitle "CBM 166 Extra"]
[Source "ChessBase"]
[SourceDate "2015.06.18"]
[SourceVersion "1"]
[SourceVersionDate "2015.06.18"]
[SourceQuality "1"]
[WhiteTeam "Leipzig Allianz (W)"]
[BlackTeam "Hamburger SK (W)"]
[WhiteTeamCountry "GER"]
[BlackTeamCountry "GER"]

1. e4 e6 2. d4 d5 3. Nc3 Nf6 4. Bg5 Be7 5. e5 Nfd7 6. Bxe7 Qxe7 7. f4 a6 8. Nf3 c5 9. Qd2 Nc6 10. dxc5 Nxc5 11. 0-0-0 0-0 12. Qe3 f5 13. exf6 Rxf6 14. Bd3 Qf8 15. g3 Bd7 16. Rhe1 Be8 17. Kb1 Nxd3 18. Rxd3 Bg6 19. Rd2 Na5 20. Ne5 Qd8 21. Na4 Rc8 22. Nb6 Rc7 23. Qa3 Nc6 24. Ng4 Rf8 25. Rxe6 d4 26. Re1 h5 27. Ne5 Nxe5 28. Rxe5 Rxc2 29. Rxc2 Bxc2+ 30. Kxc2 Qxb6 31. Qb3+ Qxb3+ 32. axb3 g6 33. Rd5 Rf7 34. Rxd4 Kg7 35. Kd3 Kf6 36. Rd5 Re7 37. Kd2 Re6 38. h3 Rb6 39. Rd3 Kf5 40. Ke3 Kf6 41. g4 hxg4 42. hxg4 Ke6 43. Ke4 Rb4+ 44. Kf3 Rb6 45. Re3+ Kf6 46. g5+ Kf7 47. Ke4 Rb5 48. Kd4 Kf8 49. Kc4 Kf7 50. b4 Kf8 51. Re5 Rb6 52. b5 Rd6 53. bxa6 Rxa6 54. Rb5 Rc6+ 55. Kd5 Rc7 56. Kd6 Rf7 57. Rb4 Re7 58. Rc4 Re2 59. b4 b5 60. Rd4 Rc2 61. Ke6 Rc6+ 62. Kd5 Rc8 63. Ke5 Rc1 64. Rd5 1-0

[Event "BL 1415 (Women)"]
[Site "Germany"]
[Date "2015.04.18"]
[Round "10.6"]
[White "Meyer, Bettina"]
[Black "Beltz, Carmen"]
[Result "1-0"]
[WhiteElo "2001"]
[BlackElo "1955"]
[PlyCount "149"]
[EventDate "2014.09.27"]
[EventType "team-tourn"]
[EventRounds "11"]
[EventCountry "GER"]
[SourceTitle "CBM 166 Extra"]
[Source "ChessBase"]
[SourceDate "2015.06.18"]
[SourceVersion "1"]
[SourceVersionDate "2015.06.18"]
[SourceQuality "1"]
[WhiteTeam "Hamburger SK (W)"]
[BlackTeam "Leipzig SG (W)"]
[WhiteTeamCountry "GER"]
[BlackTeamCountry "GER"]

1. d4 d5 2. c4 e6 3. Nc3 Nf6 4. cxd5 exd5 5. Bg5 Be7 6. e3 0-0 7. Bd3 Nbd7 8. Nge2 Re8 9. 0-0 c6 10. Qc2 Nf8 11. Rfe1 Ng6 12. f3 c5 13. Qd2 c4 14. Bc2 h6 15. Bf4 Nxf4 16. Nxf4 Bb4 17. Qf2 Be6 18. Rad1 Qa5 19. Nfe2 Rad8 20. a3 Bd6 21. Kh1 Bb8 22. Qh4 Bc8 23. Ng3 Qb6 24. Rb1 a6 25. Nf5 Bxf5 26. Bxf5 Qd6 27. g4 Nh7 28. f4 g6 29. Bc2 Kg7 30. Qf2 Nf6 31. Rg1 Ne4 32. Bxe4 dxe4 33. Qg2 Qe7 34. Rbc1 b5 35. Rgf1 Rd6 36. f5 Qb7 37. Rc2 g5 38. Rd2 Ba7 39. Qg3 Qd7 40. Qg2 Qb7 41. Ne2 f6 42. Rc1 Rd7 43. Qh3 Rdd8 44. Qg2 Rc8 45. Rdc2 Bb8 46. Qh3 Qf7 47. Qg2 h5 48. Nc3 hxg4 49. Qxg4 Rh8 50. Rg2 Rce8 51. Kg1 Qh5 52. Rcc2 Qxg4 53. Rxg4 Rh4 54. Rxh4 gxh4 55. Rg2+ Kf7 56. Rg4 Rg8 57. Rxg8 Kxg8 58. Nxe4 Kf7 59. Kg2 a5 60. Nd2 Ke7 61. h3 Bc7 62. Kf3 Bg3 63. Ke2 Bc7 64. a4 bxa4 65. Nxc4 Kd7 66. Kd3 Kc6 67. Na3 Bd6 68. Kc4 Bb4 69. e4 Bd2 70. Nc2 Bc1 71. Kc3 Bf4 72. Ne1 Bc1 73. Nd3 Bg5 74. Kc4 Bh6 75. Nc5 1-0

[Event "BL 1213 (Women)"]
[Site "Germany"]
[Date "2013.02.17"]
[Round "9.6"]
[White "Meyer, Bettina"]
[Black "Kubikova, Alena"]
[Result "1-0"]
[WhiteElo "1984"]
[BlackElo "2095"]
[PlyCount "79"]
[EventDate "2012.10.06"]
[EventType "team-tourn"]
[EventRounds "11"]
[EventCountry "GER"]
[SourceTitle "EXT 2014"]
[Source "ChessBase"]
[SourceDate "2013.11.20"]
[SourceVersion "1"]
[SourceVersionDate "2013.11.20"]
[SourceQuality "1"]
[WhiteTeam "Hamburger SK (W)"]
[BlackTeam "Rodewisch (W)"]
[WhiteTeamCountry "GER"]
[BlackTeamCountry "GER"]

1. d4 Nf6 2. c4 c5 3. d5 e6 4. Nc3 exd5 5. cxd5 d6 6. e4 g6 7. h3 Bg7 8. Nf3 0-0 9. Bd3 a6 10. a4 b6 11. 0-0 Qc7 12. Bf4 Nbd7 13. Qd2 Re8 14. Rae1 Bb7 15. Bc2 Nh5 16. Bh2 c4 17. Kh1 Rad8 18. Nd4 Qc5 19. Rd1 Ne5 20. Nde2 b5 21. f4 Nd7 22. Bg1 Qb4 23. g4 Nhf6 24. axb5 axb5 25. Nd4 Nc5 26. Rfe1 Nb3 27. Bxb3 cxb3 28. Kh2 Qc4 29. Rc1 Qb4 30. Qd1 Nxe4 31. Rxe4 Rxe4 32. Nxe4 Bxd5 33. Nc3 Bb7 34. Qxb3 Qc5 35. Nce2 Qa7 36. Rc7 d5 37. Nc6 Qa1 38. Nxd8 Qf1 39. Qe3 d4 40. Qe8+ 1-0

[Event "Moehnesee Cup 36th"]
[Site "Moehnesee"]
[Date "2010.08.28"]
[Round "5"]
[White "Rempe, Moritz"]
[Black "Meyer, Bettina"]
[Result "1/2-1/2"]
[WhiteElo "1648"]
[BlackElo "2002"]
[PlyCount "41"]
[EventDate "2010.08.26"]
[EventType "swiss"]
[EventRounds "7"]
[EventCountry "GER"]
[SourceTitle "EXT 2011"]
[Source "ChessBase"]
[SourceDate "2010.11.26"]
[SourceVersion "1"]
[SourceVersionDate "2010.11.26"]
[SourceQuality "1"]

1. e4 e6 2. d4 d5 3. exd5 exd5 4. Bd3 Bd6 5. Ne2 Ne7 6. Bf4 Nbc6 7. c3 Bf5 8. 0-0 Bxf4 9. Nxf4 Qd6 10. Bxf5 Nxf5 11. Re1+ Nce7 12. Qg4 g6 13. Re5 0-0-0 14. Nd2 h5 15. Qf3 c6 16. Rae1 Rdg8 17. Nd3 b6 18. Nb3 Re8 19. Qe2 Qd7 20. Nd2 Kd8 21. Qd1 1/2-1/2

[Event "BL2 West 0809 (Women)"]
[Site "Germany"]
[Date "2008.11.09"]
[Round "2.1"]
[White "Meyer, Bettina"]
[Black "Saal, Hilkka"]
[Result "1-0"]
[WhiteElo "2039"]
[BlackElo "1765"]
[PlyCount "77"]
[EventDate "2008.11.08"]
[EventType "team-tourn"]
[EventRounds "7"]
[EventCountry "GER"]
[SourceTitle "EXT 2010"]
[Source "ChessBase"]
[SourceDate "2010.11.25"]
[SourceVersion "1"]
[SourceVersionDate "2010.11.25"]
[SourceQuality "1"]
[WhiteTeam "Braunschweig (W)"]
[BlackTeam "Lehrte (W) II"]
[WhiteTeamCountry "GER"]
[BlackTeamCountry "GER"]

1. d4 Nf6 2. c4 g6 3. Nc3 Bg7 4. e4 0-0 5. Nf3 d6 6. Be2 c6 7. 0-0 Qc7 8. h3 e5 9. Be3 exd4 10. Nxd4 Re8 11. Qc2 Na6 12. Rad1 Nc5 13. f3 Nh5 14. Qd2 a5 15. Nc2 Bf8 16. Bf2 Ne6 17. Nd4 Nef4 18. Bd3 Bg7 19. Nde2 Be5 20. Nxf4 Nxf4 21. Be3 Ne6 22. Bb1 Nc5 23. Bf2 Ne6 24. Rfe1 Bd7 25. Be3 Rad8 26. f4 Bg7 27. Qxd6 Qxd6 28. Rxd6 Bc8 29. c5 b6 30. Rxd8 Rxd8 31. cxb6 Bb7 32. f5 Nf8 33. Na4 Be5 34. Nc5 Rb8 35. Rd1 Kg7 36. g4 Bf6 37. g5 Be7 38. f6+ Kg8 39. fxe7 1-0

[Event "GER-ch U25"]
[Site "Willingen"]
[Date "2007.06.01"]
[Round "9"]
[White "Meyer, Bettina"]
[Black "Rittemann, Steffen"]
[Result "0-1"]
[WhiteElo "1992"]
[BlackElo "2072"]
[PlyCount "52"]
[EventDate "2007.05.26"]
[EventType "swiss"]
[EventRounds "9"]
[EventCountry "GER"]
[SourceTitle "CBM 118 Extra"]
[Source "ChessBase"]
[SourceDate "2007.07.04"]
[SourceVersion "1"]
[SourceVersionDate "2007.07.04"]
[SourceQuality "1"]

1. d4 Nf6 2. c4 g6 3. Nc3 Bg7 4. e4 d6 5. Nf3 0-0 6. Be2 Bg4 7. Be3 Nfd7 8. h3 Bxf3 9. Bxf3 Nc6 10. Ne2 e5 11. d5 Ne7 12. Qd2 f5 13. g3 fxe4 14. Bxe4 Nf6 15. Bc2 Qd7 16. g4 b5 17. b3 c6 18. dxc6 Qxc6 19. Ng3 bxc4 20. bxc4 Rac8 21. Rc1 h5 22. Bg5 hxg4 23. Bxf6 Rxf6 24. Ne4 Rf4 25. Qe2 Nf5 26. hxg4 Nd4 0-1

[Event "GER-ch U25"]
[Site "Willingen"]
[Date "2007.05.31"]
[Round "8"]
[White "Heider, Dirk"]
[Black "Meyer, Bettina"]
[Result "0-1"]
[WhiteElo "1862"]
[BlackElo "1992"]
[PlyCount "86"]
[EventDate "2007.05.26"]
[EventType "swiss"]
[EventRounds "9"]
[EventCountry "GER"]
[SourceTitle "CBM 118 Extra"]
[Source "ChessBase"]
[SourceDate "2007.07.04"]
[SourceVersion "1"]
[SourceVersionDate "2007.07.04"]
[SourceQuality "1"]

1. e4 e6 2. d4 d5 3. e5 c5 4. c3 Nc6 5. Nf3 Qb6 6. a3 c4 7. Qc2 Na5 8. Nbd2 Bd7 9. Be2 Ne7 10. Rb1 h6 11. b3 cxb3 12. Nxb3 Ba4 13. Nfd2 Rc8 14. Qb2 Nxb3 15. Nxb3 Nc6 16. Nd2 Qxb2 17. Bxb2 Na5 18. 0-0 Be7 19. Rbc1 b5 20. f4 Nc4 21. Nxc4 bxc4 22. Bd1 Bxd1 23. Rfxd1 Rb8 24. Rd2 Kd7 25. Ra1 Rb3 26. Rc2 Rhb8 27. Ra2 g5 28. g3 gxf4 29. gxf4 Rg8+ 30. Rg2 Rxg2+ 31. Kxg2 Kc6 32. a4 Bd8 33. Kf2 Ba5 34. Bc1 Bxc3 35. Be3 Rb2+ 36. Rxb2 Bxb2 37. Ke2 Bc3 38. h4 h5 39. Kd1 Kb6 40. Kc2 Be1 41. a5+ Bxa5 42. Bd2 Bxd2 43. Kxd2 Kb5 0-1

[Event "GER-ch U25"]
[Site "Willingen"]
[Date "2007.05.30"]
[Round "7"]
[White "Meyer, Bettina"]
[Black "Schulz, Ann Kristin"]
[Result "1-0"]
[WhiteElo "1992"]
[BlackElo "1498"]
[PlyCount "39"]
[EventDate "2007.05.26"]
[EventType "swiss"]
[EventRounds "9"]
[EventCountry "GER"]
[SourceTitle "CBM 118 Extra"]
[Source "ChessBase"]
[SourceDate "2007.07.04"]
[SourceVersion "1"]
[SourceVersionDate "2007.07.04"]
[SourceQuality "1"]

1. d4 Nf6 2. c4 g6 3. Nc3 d5 4. cxd5 Nxd5 5. e4 Nxc3 6. bxc3 Bg7 7. h3 0-0 8. Nf3 c5 9. Be2 Nc6 10. Be3 Qa5 11. Bd2 Qa3 12. d5 Na5 13. Qc1 Qxc1+ 14. Rxc1 c4 15. Nd4 e6 16. 0-0 exd5 17. exd5 Bxd4 18. cxd4 Rd8 19. Bxa5 Rxd5 20. Bc3 1-0